Observación y práctica docente I : Licenciatura en educación preescolar : tercer semestre. Programa para la transformación y el fortalecimiento académicos de las escuelas normales.

Αποθηκεύτηκε σε:
Λεπτομέρειες βιβλιογραφικής εγγραφής
Συγγραφή απο Οργανισμό/Αρχή: México. Presidencia de la República Secretaría de Educación Pública
Μορφή: Βιβλίο
Γλώσσα:Ισπανικά
Σειρά:(Programa y materiales de apoyo para el estudio)
Θέματα:
Ετικέτες: Προσθήκη ετικέτας
Δεν υπάρχουν, Καταχωρήστε ετικέτα πρώτοι!

MARC

LEADER 00000cam^a2200000uu^4500
001 000478748
005 20250521000000.0
008 050901s2000^^^^^^^^^^^^rd^r^^000^0^spa^d
009 20260310124921.925
022 |a 9701844165 
035 |a FCE 000021748 
035 |a FCE 034726 
037 |a Acervo ITESO - Biblioteca 
041 |a spa 
082 0 4 |a 370.73262  |b PTFAENPRE 3er SEM OBS 2000 
110 |a México. Presidencia de la República  |b Secretaría de Educación Pública 
245 1 0 |a Observación y práctica docente I :  |b Licenciatura en educación preescolar : tercer semestre. Programa para la transformación y el fortalecimiento académicos de las escuelas normales. 
264 |a México :  |b SEP,  |c 2000. 
300 |a 69 p. 
336 |a texto  |b txt  |2 rdacontenido 
337 |a sin mediación  |b n  |2 rdamedio 
338 |a volumen  |b nc  |2 rdasoporte 
440 0 |a (Programa y materiales de apoyo para el estudio) 
649 |a XX 
650 |a Jardín infantil 
650 |a Formación del docente 
650 |a Observación de la clase 
650 |a Actividades de la clase 
650 |a Programas de formación profesional 
650 |a Educación preescolar 
650 |a Práctica docente 
650 |a Educación normal 
910 |a Fondo Centro de Estudios Educativos 
920 |a Impresos - Libros 
930 |a Fondos Especiales 
905 |a 133 
901 |a ALE034726  |b IT2  |c CEE  |u 20250521 
901 |a ALE044607  |b IT2  |c CEE  |u 20250521 
902 |a https://opac.biblio.iteso.mx/vufind/Record/000478748